000 01447nam a22003977a 4500
003 CHAP
005 20220329143426.0
008 090624s2009 mx r 00010 spa d
010 _a96420
011 _a97392
035 _a108059
040 _cCHAP
090 _aTesis
100 1 _aGaytán Ruelas, Marina.
_947362
245 1 0 _aUso de Ácidos en la separación de semillas de jitomate (Lycopersicon esculetum Mill.)
_c/por Marina Gaytán Ruelas
260 _aChapingo, Méx. :
_bEl autor,
_c2009
300 _aiii, 34 h. :
_bcuadros
502 _aTesis (Ing. Agr. Esp. en Fitotecnia) -- UACH. Departamento de Fitotecnia
590 _aALEPH
_b10
_c20130110
_lUCH01
_h1529
590 _aBATCH-UPD
_b10
_c20130110
_lUCH01
_h1004
590 _aBATCH-UPD
_b10
_c20130410
_lUCH01
_h0614
590 _aBATCH-UPD
_b10
_c20130913
_lUCH01
_h1909
590 _aCONVERSION
_b10
_c20130109
_lUCH01
_h1353
650 0 4 _aSemillas
_xCalidad.
_9103881
650 0 4 _aSemillas
_xGerminación.
_9103903
650 0 4 _aSemillas
_xRendimiento.
_9103930
650 0 4 _aSemillas
_xVigor.
_9103934
650 1 4 _aAcido fosfórico.
_9585
650 1 4 _aSemillas
_xFisiología y morfología.
_9103902
650 1 4 _aSeparación.
_9104461
650 1 4 _aTomate
_xSemilla.
_9113765
901 _aBK
942 _cFOLL
949 _aTesis
_bBC
_cTES
_d33724002099330
_eTS1
_gDonaciØn
_h49328
_i108059
_sb
949 _aTesis
_bBC
_cTES
_d33724002099371
_eTS2
_fc.2
_gDonaciØn
_h49329
_i108059
_sb
999 _c96420
_d96420